Seoul Metropolitan Subway Line 8 Stations - Statistics

General Stats
  • This quiz has been taken 33 times
    19 since last reset
  • The average score is 19 of 24
Answer Stats
Station
Number
Station Name Transfer % Correct
820 Bokjeong Suin-Bundang Line
100%
814 Jamsil(Songpa-gu Office) Line 2
100%
810 Amsa
92%
804 Byeollae Gyeongchun Line
92%
817 Garak Market Line 3
92%
827 Moran Suin-Bundang Line
92%
811 Cheonho(Pungnaptoseong) Line 5
85%
813 Mongchontoseong(World Peace Gate)
85%
815 Seokchon(Hansol Hospital) Line 9
85%
816 Songpa
85%
819 Jangji
77%
818 Munjeong
77%
826 Sujin
77%
809 Amsa History Park
69%
824 Dandaeogeori(Shingu College)
69%
805 Dasan
69%
806 Donggureung
69%
812 Gangdong-gu Office
69%
823 Namhansanseong(Seongnam Court & Prosecutors' Office)
69%
821 Namwirye
69%
822 Sanseong
69%
807 Guri Gyeongui-Jungang Line
62%
808 Jangja Lake Park
62%
825 Sinheung
62%
No matching quizzes found
Score Distribution
Percent of People with Each Score
Percentile by Number Answered
Your Score History
You have not taken this quiz since the last reset